000
00258nam a2200097Ia 4500
001
1228931
005
20250827093051.0
008
250824s9999 xx 000 0 und d
245
0
_a
VİKİNGLER
_c
ROBERT LEIGHTON
260
_b
PANAMA YAYINLARI
999
_c
1228931
_d
1228931